An introduction to materials

Αποθηκεύτηκε σε:
Λεπτομέρειες βιβλιογραφικής εγγραφής
Συγγραφή απο Οργανισμό/Αρχή: Great Britain Museums and Galleries Commission Conservation Unit
Μορφή: Βιβλίο
Γλώσσα:English
Δημοσίευση: London : Conservation Unit of the Museums & Galleries Commission in conjunction with Routledge, 1992
Σειρά:Science for conservators ; ; 1
Θέματα:
Ετικέτες: Προσθήκη ετικέτας
Δεν υπάρχουν, Καταχωρήστε ετικέτα πρώτοι!

MARC

LEADER 00000nam a2200000 i 4500
001 1/96325
008 081101s1992 eng d
020 |a 978-0-415-07167-3 
020 |a 0-415-07167-4 
035 |l 10101297 
040 |a GR-MY-UA  |b gre  |e aacr 
041 0 |a eng 
082 0 |a 540  |2 (22) 
245 1 3 |a An introduction to materials /  |c Conservation Unit of the Museums & Galleries Commission 
260 |a London :   |b Conservation Unit of the Museums & Galleries Commission in conjunction with Routledge,   |c 1992 
300 |a 120 σ.;  |b εικ.;  |c 26 εκ. 
490 1 |a Science for conservators  |v ; 1 
504 |a Βιβλιογραφία: σ. 111-117 
504 |a Ευρετήριο: σ. 119-120 
650 0 0 |a Chemistry. 
710 2 |a Great Britain  |b Museums and Galleries Commission  |b Conservation Unit. 
830 0 |a Science for conservators ;  |v ; 1 
852 |a INST  |b LESVOS  |e 20081101  |h 540 INT  |p 005100043357  |q 005100043357  |t BK  |y 0 
901 |a BIBL1-2008-3 
909 |a Λ  |b 151006 
922 |a 1ΕΛΗ  |b 200802  |c ΕΠΕΑΕΚ2/ΠΤΕ  |d ΠΑΠΑΣΩΤΗΡΙΟΥ 
970 |a ΚΑΡΑ  |b ΓΙΑΣΕΜΗ  |z 2008/11/01